<?xml version="1.0" encoding="UTF-8"?>
<marc:record xmlns:marc="http://www.loc.gov/MARC21/slim">
   <marc:leader>00000nam a2200000 a 4500</marc:leader>
   <marc:datafield ind1="1" ind2=" " tag="100">
      <marc:subfield code="a">Woodrell, Daniel</marc:subfield>
      <marc:subfield code="4">aut</marc:subfield>
      <marc:subfield code="e">Verfasser/-in</marc:subfield>
   </marc:datafield>
   <marc:datafield ind1=" " ind2=" " tag="653">
      <marc:subfield code="a">Unterschicht</marc:subfield>
   </marc:datafield>
   <marc:datafield ind1=" " ind2=" " tag="653">
      <marc:subfield code="a">Männliche Jugend</marc:subfield>
   </marc:datafield>
   <marc:datafield ind1=" " ind2=" " tag="653">
      <marc:subfield code="a">Familientragödie</marc:subfield>
   </marc:datafield>
   <marc:datafield ind1=" " ind2=" " tag="653">
      <marc:subfield code="a">Softcover / Belletristik/Erzählende Literatur</marc:subfield>
   </marc:datafield>
   <marc:datafield ind1=" " ind2=" " tag="653">
      <marc:subfield code="a">Fiktionale Darstellung</marc:subfield>
   </marc:datafield>
   <marc:datafield ind1=" " ind2=" " tag="653">
      <marc:subfield code="a">Belletristische Darstellung</marc:subfield>
   </marc:datafield>
   <marc:datafield ind1=" " ind2=" " tag="653">
      <marc:subfield code="a">Erzählende Literatur</marc:subfield>
   </marc:datafield>
   <marc:datafield ind1="0" ind2="0" tag="245">
      <marc:subfield code="a">Der Tod von Sweet Mister</marc:subfield>
   </marc:datafield>
   <marc:datafield ind1="0" ind2="0" tag="245">
      <marc:subfield code="b">Roman</marc:subfield>
   </marc:datafield>
   <marc:datafield ind1="0" ind2="0" tag="245">
      <marc:subfield code="c">Daniel Woodrell. Aus dem Amerikan. von Peter Torberg</marc:subfield>
   </marc:datafield>
   <marc:datafield ind1=" " ind2="1" tag="264">
      <marc:subfield code="a">München</marc:subfield>
      <marc:subfield code="b">Liebeskind</marc:subfield>
      <marc:subfield code="c">2012</marc:subfield>
   </marc:datafield>
   <marc:datafield ind1="1" ind2=" " tag="520">
      <marc:subfield code="a">Angaben aus der Verlagsmeldung

Der Tod von Sweet Mister : Roman The Death of Sweet Mister / von Daniel Woodrell

Ein Sommer wie ein schleichender Übergang ins Verhängnis. Der dreizehnjährige Shug Akins wächst auf dem weiten Ozark-Plateau im Süden Missouris heran, ein Außenseiter inmitten der maroden Sehnsüchte des amerikanischen Hinterlands. Seine Mutter Glenda, eine verblühende Schönheit, hängt an der Flasche, während sein Vater Red die Familie mit unberechenbarer Gewalt tyrannisiert. Als Red beginnt, Shug zu Einbrüchen anzustiften, gerät das labile Gleichgewicht ins Schwanken. Shug lernt zu stehlen, zu lügen – und aufzubegehren. Gerade da taucht Jimmy Vin Pearce auf, mit seinem grünen Ford Thunderbird und der Verheißung auf eine andere, bessere Welt. Doch als Glenda sich mit ihm einlässt, entlädt sich ein lange unterdrücktes Gemisch aus Eifersucht und Hass, und der Traum von der Lebensflucht wird zur tödlichen Falle ... Mit der Unausweichlichkeit einer antiken Tragödie beschreibt Daniel Woodrell die Eskalation menschlicher Passion in urwüchsige Gewalt. Mit jeder neuen Seite verwischt er die Grenzen zwischen Notwehr und Mord, Rache und Befreiung – und führt seine Figuren an jenen unheilvollen Scheidepunkt, an dem das letzte Opfer auf dem Weg zur Erlösung die eigene Unschuld ist.
</marc:subfield>
   </marc:datafield>
   <marc:datafield ind1=" " ind2=" " tag="020">
      <marc:subfield code="a">9783935890953</marc:subfield>
      <marc:subfield code="9">9783935890953</marc:subfield>
   </marc:datafield>
   <marc:datafield ind1=" " ind2=" " tag="041">
      <marc:subfield code="a">ger</marc:subfield>
   </marc:datafield>
   <marc:datafield ind1=" " ind2=" " tag="300">
      <marc:subfield code="a">190 S.</marc:subfield>
   </marc:datafield>
</marc:record>
